000
00281nam a2200097Ia 4500
008
230915s9999 xx 000 0 und d
050
_a
KNS 1750 .G36 2006
100
_a
GANDHI, B.M.
245
0
_a
LAW OF TORTS WITH LAW OF STATUTORY COMPENSATION AND CONSUMER PROTECTION
942
_c
BK
999
_c
165844
_d
165844